000 00792nam a22003010a 4500
001 PT53567
003 AR-LpoUNG
005 20210131231600.0
008 191001s2013||||ag |||||||||||||||||spa d
020 _a9789500513531
_c$8,03
040 _aAR-LpoUNG
_bspa
_cAR-LpoUNG
_eaacr
041 _aspa
044 _aag
082 0 _aA861 527tex
100 1 _aGirondo, Oliverio
245 1 0 _aTextos selectos :
_bmuestra individual
250 _a1ra. ed., 5ta. reimpr.
260 _aBuenos Aires :
_bCorregidores,
_c2013.
300 _a125 p. :
_bil.
650 4 _aARGENTINA
650 4 _aLITERATURA
650 4 _aPOESIA
651 4 _aDOCUMENTOS TEORICOS O METODOLOGICOS
653 _aLITERATURA ARGENTINA
700 1 _aJarkowski, AnĂ­bal
_esel.
905 _a53567
942 _cLIB
999 _c10879
_d10879